[Event "XLIV Memoriał Szachowy Ludwika Zamenhofa 2025, Grupa B"]
[Site "Bialystok, Poland"]
[Date "2025.12.28"]
[Round "4.30"]
[White "Piekutowska, Lena"]
[Black "Rajlich, Vaclav"]
[Result "0-1"]
[TimeControl "90'+30\""]
[WhiteElo "1727"]
[BlackElo "1985"]

1. d4 {[%clk 01:30:56]} {[%emt 00:00:04]} Nf6 {[%clk 01:30:57]} {[%emt
00:00:03]} 2. c4 {[%clk 01:31:20]} {[%emt 00:00:07]} c5 {[%clk 01:31:25]}
{[%emt 00:00:02]} 3. d5 {[%clk 01:31:43]} {[%emt 00:00:07]} b5 {[%clk
01:31:52]} {[%emt 00:00:03]} 4. cxb5 {[%clk 01:31:47]} {[%emt 00:00:27]} a6
{[%clk 01:32:19]} {[%emt 00:00:02]} 5. bxa6 {[%clk 01:29:50]} {[%emt 00:02:27]}
g6 {[%clk 01:32:45]} {[%emt 00:00:03]} 6. Nc3 {[%clk 01:28:59]} {[%emt
00:01:21]} Bg7 {[%clk 01:33:10]} {[%emt 00:00:06]} 7. e4 {[%clk 01:28:05]}
{[%emt 00:01:24]} O-O {[%clk 01:32:21]} {[%emt 00:01:19]} 8. Nf3 {[%clk
01:26:26]} {[%emt 00:02:09]} d6 {[%clk 01:31:51]} {[%emt 00:01:00]} 9. Be2
{[%clk 01:22:53]} {[%emt 00:04:03]} Qa5 {[%clk 01:31:51]} {[%emt 00:00:29]} 10.
O-O {[%clk 01:21:07]} {[%emt 00:02:17]} Bxa6 {[%clk 01:32:17]} {[%emt
00:00:04]} 11. Re1 {[%clk 01:15:10]} {[%emt 00:06:26]} Nbd7 {[%clk 01:31:28]}
{[%emt 00:01:19]} 12. Bxa6 {[%clk 01:06:10]} {[%emt 00:09:31]} Qxa6 {[%clk
01:31:45]} {[%emt 00:00:13]} 13. Re2 {[%clk 00:56:10]} {[%emt 00:10:29]} Rfb8
{[%clk 01:29:35]} {[%emt 00:02:39]} 14. h3 {[%clk 00:52:25]} {[%emt 00:04:16]}
Nh5 {[%clk 01:24:32]} {[%emt 00:05:33]} 15. g4 {[%clk 00:43:27]} {[%emt
00:09:29]} Nhf6 {[%clk 01:24:44]} {[%emt 00:00:17]} 16. Qc2 {[%clk 00:37:42]}
{[%emt 00:06:16]} h5 {[%clk 01:23:51]} {[%emt 00:01:23]} 17. g5 {[%clk
00:36:52]} {[%emt 00:01:20]} Ne8 {[%clk 01:23:54]} {[%emt 00:00:25]} 18. Be3
{[%clk 00:33:35]} {[%emt 00:03:48]} Nc7 {[%clk 01:10:16]} {[%emt 00:14:10]} 19.
Rae1 {[%clk 00:29:52]} {[%emt 00:04:14]} Qc4 {[%clk 01:06:22]} {[%emt
00:04:24]} 20. Nd2 {[%clk 00:21:08]} {[%emt 00:09:14]} Qb4 {[%clk 01:06:41]}
{[%emt 00:00:09]} 21. Ndb1 {[%clk 00:19:41]} {[%emt 00:01:59]} Ne5 {[%clk
01:06:40]} {[%emt 00:00:28]} 22. Kg2 {[%clk 00:14:49]} {[%emt 00:05:24]} c4
{[%clk 01:03:28]} {[%emt 00:03:41]} 23. Rd1 {[%clk 00:11:28]} {[%emt 00:03:51]}
Na6 {[%clk 01:00:40]} {[%emt 00:03:19]} 24. Rdd2 {[%clk 00:06:53]} {[%emt
00:05:05]} Nc5 {[%clk 00:59:40]} {[%emt 00:01:29]} 25. Qd1 {[%clk 00:05:25]}
{[%emt 00:01:58]} Ned3 {[%clk 00:59:30]} {[%emt 00:00:41]} 26. Bxc5 {[%clk
00:03:11]} {[%emt 00:02:45]} Qxc5 {[%clk 00:59:10]} {[%emt 00:00:50]} 27. Rxd3
{[%clk 00:01:52]} {[%emt 00:01:48]} cxd3 {[%clk 00:59:36]} {[%emt 00:00:04]} 28.
Qxd3 {[%clk 00:02:15]} {[%emt 00:00:08]} Qd4 {[%clk 00:59:28]} {[%emt
00:00:37]} 29. Qc2 {[%clk 00:01:59]} {[%emt 00:00:42]} Qe5 {[%clk 00:59:48]}
{[%emt 00:00:15]} 30. Qd2 {[%clk 00:02:10]} {[%emt 00:00:18]} Rb4 {[%clk
00:59:00]} {[%emt 00:01:17]} 31. a3 {[%clk 00:02:04]} {[%emt 00:00:38]} Rb3
{[%clk 00:58:57]} {[%emt 00:00:33]} 32. Qc1 {[%clk 00:01:13]} {[%emt 00:01:20]}
Rab8 {[%clk 00:58:43]} {[%emt 00:00:44]} 33. Rc2 {[%clk 00:01:11]} {[%emt
00:00:32]} f6 {[%clk 00:57:16]} {[%emt 00:01:58]} 34. h4 {[%clk 00:00:40]}
{[%emt 00:01:01]} fxg5 {[%clk 00:57:42]} {[%emt 00:00:04]} 35. hxg5 {[%clk
00:01:04]} {[%emt 00:00:06]} Rf8 {[%clk 00:57:50]} {[%emt 00:00:21]} 36. a4
{[%clk 00:00:35]} {[%emt 00:01:01]} Rf4 {[%clk 00:58:10]} {[%emt 00:00:08]} 37.
Nd2 {[%clk 00:00:32]} {[%emt 00:00:34]} Qxg5+ {[%clk 00:58:21]} {[%emt
00:00:18]} 38. Kf1 {[%clk 00:00:55]} {[%emt 00:00:07]} Rb8 {[%clk 00:56:30]}
{[%emt 00:02:21]} 39. Ne2 {[%clk 00:00:53]} {[%emt 00:00:32]} Rff8 {[%clk
00:55:49]} {[%emt 00:01:12]} 40. Nc4 {[%clk 00:00:34]} {[%emt 00:00:49]} Qh4
{[%clk 00:56:00]} {[%emt 00:00:18]} 41. Qe3 {[%clk 00:00:43]} {[%emt 00:00:22]}
Bh6 {[%clk 00:55:24]} {[%emt 00:01:06]} 42. Qd4 {[%clk 00:00:43]} {[%emt
00:00:29]} Qh3+ {[%clk 00:55:15]} {[%emt 00:00:39]} 43. Kg1 {[%clk 00:00:57]}
{[%emt 00:00:17]} Rb3 {[%clk 00:53:26]} {[%emt 00:02:18]} 44. Rc3 {[%clk
00:00:46]} {[%emt 00:00:42]} Rxc3 {[%clk 00:52:53]} {[%emt 00:01:03]} 45. bxc3
{[%clk 00:01:08]} {[%emt 00:00:07]} Bg7 {[%clk 00:52:12]} {[%emt 00:01:12]} 46.
Qe3 {[%clk 00:00:45]} {[%emt 00:00:52]} Qg4+ {[%clk 00:51:49]} {[%emt
00:00:53]} 47. Kf1 {[%clk 00:00:41]} {[%emt 00:00:34]} Rf3 {[%clk 00:52:14]}
{[%emt 00:00:06]} 48. Qc1 {[%clk 00:00:37]} {[%emt 00:00:32]} Rh3 {[%clk
00:52:35]} {[%emt 00:00:11]} 49. Ng3 {[%clk 00:00:35]} {[%emt 00:00:31]} Qxg3
{[%clk 00:52:23]} {[%emt 00:00:43]} 0-1

[Event "XLIV Memoriał Szachowy Ludwika Zamenhofa 2025, Grupa B"]
[Site "Bialystok, Poland"]
[Date "2025.12.29"]
[Round "5.1"]
[White "Jarzebowski, Kacper"]
[Black "Kozlowski, Pawel"]
[Result "1-0"]
[TimeControl "90'+30\""]
[WhiteElo "2078"]
[BlackElo "2036"]

1. d4 {[%clk 01:30:57]} {[%emt 00:00:02]} Nf6 {[%clk 01:30:00]} {[%emt
00:00:53]} 2. c4 {[%clk 01:31:25]} {[%emt 00:00:11]} g6 {[%clk 01:30:22]}
{[%emt 00:00:07]} 3. Nc3 {[%clk 01:31:50]} {[%emt 00:00:05]} Bg7 {[%clk
01:30:48]} {[%emt 00:00:04]} 4. e4 {[%clk 01:32:16]} {[%emt 00:00:04]} d6
{[%clk 01:31:10]} {[%emt 00:00:09]} 5. h3 {[%clk 01:32:41]} {[%emt 00:00:04]}
O-O {[%clk 01:29:59]} {[%emt 00:01:41]} 6. Be3 {[%clk 01:33:07]} {[%emt
00:00:04]} e5 {[%clk 01:27:06]} {[%emt 00:03:24]} 7. d5 {[%clk 01:33:31]}
{[%emt 00:00:06]} a5 {[%clk 01:25:59]} {[%emt 00:01:36]} 8. g4 {[%clk
01:33:54]} {[%emt 00:00:06]} Na6 {[%clk 01:25:45]} {[%emt 00:00:44]} 9. Nge2
{[%clk 01:34:18]} {[%emt 00:00:07]} Nd7 {[%clk 01:25:41]} {[%emt 00:00:34]} 10.
Ng3 {[%clk 01:34:30]} {[%emt 00:00:17]} Ndc5 {[%clk 01:25:39]} {[%emt
00:00:33]} 11. Be2 {[%clk 01:32:12]} {[%emt 00:02:48]} Rb8 {[%clk 01:20:21]}
{[%emt 00:05:48]} 12. h4 {[%clk 01:32:22]} {[%emt 00:00:20]} c6 {[%clk
01:17:45]} {[%emt 00:03:06]} 13. h5 {[%clk 01:28:46]} {[%emt 00:04:05]} cxd5
{[%clk 01:07:31]} {[%emt 00:10:45]} 14. Nxd5 {[%clk 01:28:06]} {[%emt
00:01:11]} Nc7 {[%clk 01:01:48]} {[%emt 00:06:13]} 15. g5 {[%clk 01:26:33]}
{[%emt 00:02:02]} Nxd5 {[%clk 01:00:39]} {[%emt 00:01:39]} 16. cxd5 {[%clk
01:26:59]} {[%emt 00:00:05]} b5 {[%clk 00:56:04]} {[%emt 00:05:05]} 17. Rc1
{[%clk 01:22:02]} {[%emt 00:05:26]} Ba6 {[%clk 00:45:08]} {[%emt 00:11:27]} 18.
Qd2 {[%clk 01:21:10]} {[%emt 00:01:22]} Rc8 {[%clk 00:44:22]} {[%emt 00:01:15]}
19. Kf1 {[%clk 01:18:31]} {[%emt 00:03:09]} b4 {[%clk 00:39:46]} {[%emt
00:05:07]} 20. Bxa6 {[%clk 01:16:28]} Nxa6 {[%clk 00:40:11]} {[%emt 00:02:38]}
21. Kg2 {[%clk 01:16:40]} {[%emt 00:00:17]} Qd7 {[%clk 00:36:25]} {[%emt
00:04:16]} 22. h6 {[%clk 01:11:49]} {[%emt 00:05:20]} Bh8 {[%clk 00:36:12]}
{[%emt 00:00:44]} 23. Rxc8 {[%clk 01:12:00]} {[%emt 00:00:19]} Rxc8 {[%clk
00:36:00]} {[%emt 00:00:42]} 24. Rc1 {[%clk 01:12:24]} {[%emt 00:00:06]} f5
{[%clk 00:24:03]} {[%emt 00:12:28]} 25. exf5 {[%clk 00:41:38]} {[%emt
00:31:16]} Rxc1 {[%clk 00:14:26]} {[%emt 00:10:07]} 26. Qxc1 {[%clk 00:41:15]}
{[%emt 00:00:52]} gxf5 {[%clk 00:14:43]} {[%emt 00:00:13]} 27. Bb6 {[%clk
00:26:12]} {[%emt 00:15:33]} f4 {[%clk 00:09:48]} {[%emt 00:05:25]} 28. Ne4
{[%clk 00:16:19]} {[%emt 00:10:23]} Qg4+ {[%clk 00:05:39]} {[%emt 00:04:39]} 29.
Kf1 {[%clk 00:16:11]} {[%emt 00:00:37]} Nc5 {[%clk 00:05:15]} {[%emt 00:00:55]}
30. Bxc5 {[%clk 00:14:34]} {[%emt 00:02:07]} dxc5 {[%clk 00:05:39]} {[%emt
00:00:06]} 31. Ke1 {[%clk 00:07:56]} {[%emt 00:07:08]} Kf7 {[%clk 00:01:05]}
{[%emt 00:05:05]} 32. Qxc5 {[%clk 00:07:42]} {[%emt 00:00:44]} f3 {[%clk
00:00:55]} {[%emt 00:00:40]} 33. Qc4 {[%clk 00:03:10]} {[%emt 00:05:02]} Kg6
{[%clk 00:01:02]} {[%emt 00:00:22]} 34. d6 {[%clk 00:03:28]} {[%emt 00:00:12]}
Qf5 {[%clk 00:00:31]} {[%emt 00:01:01]} 35. Qg8+ {[%clk 00:03:46]} {[%emt
00:00:12]} 1-0

[Event "XLIV Memoriał Szachowy Ludwika Zamenhofa 2025, Grupa B"]
[Site "Bialystok, Poland"]
[Date "2025.12.29"]
[Round "5.2"]
[White "Fukowski, Pawel"]
[Black "Endeladze, Ramaz"]
[Result "0-1"]
[TimeControl "90'+30\""]
[WhiteElo "1997"]
[BlackElo "2133"]

1. d4 {[%clk 01:30:59]} Nf6 {[%emt 00:00:03]} 2. c4 {[%clk 01:29:55]} {[%emt
00:01:33]} g6 {[%clk 01:31:27]} {[%emt 00:00:01]} 3. Nc3 {[%clk 01:30:19]}
{[%emt 00:00:07]} Bg7 {[%clk 01:31:56]} {[%emt 00:00:01]} 4. e4 {[%clk
01:30:43]} {[%emt 00:00:06]} d6 {[%clk 01:32:24]} {[%emt 00:00:01]} 5. Nge2
{[%clk 01:30:26]} {[%emt 00:00:47]} O-O {[%clk 01:32:52]} {[%emt 00:00:03]} 6.
Ng3 {[%clk 01:30:35]} {[%emt 00:00:20]} c6 {[%clk 01:28:25]} {[%emt 00:04:58]}
7. Be2 {[%clk 01:29:40]} {[%emt 00:01:25]} Nbd7 {[%clk 01:28:39]} {[%emt
00:00:16]} 8. h4 {[%clk 01:19:14]} {[%emt 00:10:56]} h5 {[%clk 01:26:45]}
{[%emt 00:02:24]} 9. f4 {[%clk 01:14:36]} {[%emt 00:05:07]} c5 {[%clk
01:14:03]} {[%emt 00:13:12]} 10. d5 {[%clk 01:10:18]} {[%emt 00:04:48]} Re8
{[%clk 01:13:02]} {[%emt 00:01:32]} 11. O-O {[%clk 01:04:04]} {[%emt 00:06:43]}
a6 {[%clk 01:13:12]} {[%emt 00:00:21]} 12. a4 {[%clk 01:03:37]} {[%emt
00:00:57]} Nf8 {[%clk 01:11:03]} {[%emt 00:02:38]} 13. f5 {[%clk 00:56:57]}
{[%emt 00:07:10]} N8d7 {[%clk 01:09:15]} {[%emt 00:02:18]} 14. Ra3 {[%clk
00:49:34]} {[%emt 00:07:53]} Ne5 {[%clk 01:07:31]} {[%emt 00:02:15]} 15. Bf4
{[%clk 00:46:57]} {[%emt 00:03:06]} Nfg4 {[%clk 01:07:30]} {[%emt 00:00:31]} 16.
Qd2 {[%clk 00:45:34]} {[%emt 00:01:53]} Rb8 {[%clk 01:07:44]} {[%emt 00:00:16]}
17. Rb3 {[%clk 00:36:19]} {[%emt 00:09:46]} Bd7 {[%clk 01:06:34]} {[%emt
00:01:39]} 18. Ra1 {[%clk 00:36:37]} {[%emt 00:00:13]} Qc7 {[%clk 01:02:35]}
{[%emt 00:04:29]} 19. Raa3 {[%clk 00:35:25]} {[%emt 00:01:42]} b5 {[%clk
01:02:16]} {[%emt 00:00:50]} 20. axb5 {[%clk 00:34:52]} {[%emt 00:01:02]} axb5
{[%clk 01:02:39]} {[%emt 00:00:07]} 21. Nxb5 {[%clk 00:34:12]} {[%emt
00:01:10]} Bxb5 {[%clk 01:03:06]} {[%emt 00:00:02]} 22. Rxb5 {[%clk 00:34:04]}
{[%emt 00:00:39]} Rxb5 {[%clk 01:03:35]} 23. cxb5 {[%clk 00:34:32]} {[%emt
00:00:01]} c4 {[%clk 01:03:54]} {[%emt 00:00:12]} 24. Bxe5 Nxe5 25. Qe3 {[%clk
00:32:41]} Rb8 {[%clk 01:03:01]} {[%emt 00:00:39]} 26. Ra7 {[%clk 00:30:50]}
{[%emt 00:02:21]} Qd8 {[%clk 01:03:19]} {[%emt 00:00:13]} 27. fxg6 {[%clk
00:24:40]} {[%emt 00:06:40]} fxg6 {[%clk 01:03:16]} {[%emt 00:00:32]} 28. Ra4
{[%clk 00:24:33]} {[%emt 00:00:37]} Rxb5 {[%clk 01:03:30]} {[%emt 00:00:17]} 29.
Bxc4 {[%clk 00:24:01]} {[%emt 00:01:01]} Rxb2 {[%clk 01:02:13]} {[%emt
00:01:46]} 30. Be2 {[%clk 00:23:30]} {[%emt 00:01:02]} Qf8 {[%clk 01:01:30]}
{[%emt 00:01:14]} 31. Qa3 {[%clk 00:21:30]} {[%emt 00:02:30]} Rb1+ {[%clk
01:00:52]} {[%emt 00:01:08]} 32. Nf1 {[%clk 00:20:26]} {[%emt 00:01:33]} Qf6
{[%clk 01:00:59]} {[%emt 00:00:24]} 33. Qg3 {[%clk 00:19:55]} {[%emt 00:01:01]}
Ng4 {[%clk 01:01:10]} {[%emt 00:00:19]} 34. Qf3 {[%clk 00:17:18]} {[%emt
00:03:06]} Qxh4 {[%clk 01:01:10]} {[%emt 00:00:30]} 35. Qf4 {[%clk 00:17:22]}
{[%emt 00:00:26]} Be5 {[%clk 00:59:11]} {[%emt 00:02:29]} 36. Ra8+ {[%clk
00:16:36]} {[%emt 00:01:16]} Kh7 {[%clk 00:59:36]} {[%emt 00:00:05]} 37. Qf7+
{[%clk 00:16:57]} {[%emt 00:00:09]} Kh6 {[%clk 00:59:37]} {[%emt 00:00:29]} 38.
Qf8+ {[%clk 00:14:44]} {[%emt 00:02:43]} Bg7 {[%clk 00:59:46]} {[%emt
00:00:22]} 39. Qf4+ {[%clk 00:13:37]} {[%emt 00:01:37]} g5 {[%clk 01:00:06]}
{[%emt 00:00:10]} 40. g3 {[%clk 00:13:15]} {[%emt 00:00:52]} Qh2# {[%clk
01:00:31]} {[%emt 00:00:05]} 0-1

[Event "XLIV Memoriał Szachowy Ludwika Zamenhofa 2025, Grupa B"]
[Site "Bialystok, Poland"]
[Date "2025.12.29"]
[Round "5.3"]
[White "Leskiewicz, Ignacy"]
[Black "Kasperek, Ryszard"]
[Result "0-1"]
[TimeControl "90'+30\""]
[WhiteElo "2118"]
[BlackElo "2088"]

1. Nf3 {[%clk 01:25:50]} {[%emt 00:05:00]} c5 {[%emt 00:01:26]} 2. c4 {[%clk
01:25:21]} g6 {[%clk 01:27:04]} {[%emt 00:04:08]} 3. Nc3 {[%clk 01:22:53]}
{[%emt 00:02:59]} Bg7 {[%clk 01:27:13]} {[%emt 00:00:21]} 4. g3 {[%clk
01:22:32]} {[%emt 00:00:51]} Nc6 {[%clk 01:27:14]} {[%emt 00:00:29]} 5. Bg2
{[%clk 01:22:09]} {[%emt 00:00:52]} e5 {[%clk 01:27:13]} {[%emt 00:00:31]} 6.
d3 {[%clk 01:19:22]} {[%emt 00:03:17]} Nge7 {[%clk 01:25:48]} {[%emt 00:01:54]}
7. a3 {[%clk 01:15:39]} {[%emt 00:04:14]} O-O {[%clk 01:21:54]} {[%emt
00:04:24]} 8. O-O {[%clk 01:13:58]} {[%emt 00:02:11]} d6 {[%clk 01:17:27]}
{[%emt 00:04:57]} 9. Rb1 {[%clk 01:13:06]} {[%emt 00:01:22]} a5 {[%clk
01:15:12]} {[%emt 00:02:45]} 10. Ne1 {[%clk 01:07:54]} {[%emt 00:05:43]} Be6
{[%clk 01:14:52]} {[%emt 00:00:49]} 11. Nd5 {[%clk 01:03:45]} {[%emt 00:04:39]}
Rb8 {[%clk 01:09:39]} {[%emt 00:05:43]} 12. Bd2 {[%clk 00:28:35]} {[%emt
00:35:41]} b5 {[%clk 00:30:40]} {[%emt 00:39:28]} 13. b3 {[%clk 00:29:04]}
{[%emt 00:00:02]} b4 {[%clk 00:26:39]} {[%emt 00:04:30]} 14. Nc2 {[%clk
00:22:03]} {[%emt 00:07:30]} Qd7 {[%clk 00:18:10]} {[%emt 00:09:00]} 15. axb4
{[%clk 00:15:44]} {[%emt 00:06:50]} axb4 {[%clk 00:15:41]} {[%emt 00:02:59]} 16.
e3 {[%clk 00:09:47]} {[%emt 00:06:26]} Bg4 {[%clk 00:10:53]} {[%emt 00:05:18]}
17. Qe1 {[%clk 00:06:32]} {[%emt 00:03:44]} Bh3 {[%clk 00:10:28]} {[%emt
00:00:55]} 18. Ra1 {[%clk 00:05:56]} {[%emt 00:01:07]} Bxg2 {[%clk 00:07:38]}
{[%emt 00:03:20]} 19. Kxg2 {[%clk 00:06:25]} {[%emt 00:00:01]} e4 {[%clk
00:06:37]} {[%emt 00:01:31]} 20. d4 {[%clk 00:02:28]} {[%emt 00:04:28]} Nxd5
{[%clk 00:07:02]} {[%emt 00:00:05]} 21. cxd5 {[%clk 00:02:50]} {[%emt
00:00:08]} Ne7 {[%clk 00:07:27]} {[%emt 00:00:04]} 22. f3 {[%clk 00:02:42]}
{[%emt 00:00:38]} Qf5 {[%clk 00:07:00]} {[%emt 00:00:58]} 23. dxc5 {[%clk
00:01:18]} {[%emt 00:01:54]} exf3+ {[%clk 00:06:43]} {[%emt 00:00:46]} 24. Rxf3
{[%clk 00:01:44]} {[%emt 00:00:04]} Qxc2 {[%clk 00:07:05]} {[%emt 00:00:08]} 25.
Rc1 {[%clk 00:01:59]} {[%emt 00:00:15]} Qe4 {[%clk 00:03:45]} {[%emt 00:03:49]}
26. Rc4 {[%clk 00:02:28]} Qxd5 {[%clk 00:03:46]} {[%emt 00:00:30]} 27. e4
{[%clk 00:02:58]} Qe6 {[%clk 00:03:44]} {[%emt 00:00:34]} 28. cxd6 {[%clk
00:02:44]} {[%emt 00:00:44]} Qxd6 {[%clk 00:03:46]} {[%emt 00:00:28]} 29. Bxb4
{[%clk 00:03:06]} {[%emt 00:00:08]} Qe6 {[%clk 00:04:12]} {[%emt 00:00:03]} 30.
Bc5 {[%clk 00:00:50]} {[%emt 00:02:46]} Rfc8 {[%clk 00:03:54]} {[%emt
00:00:48]} 31. Qc1 {[%clk 00:01:04]} {[%emt 00:00:16]} Nc6 {[%clk 00:03:56]}
{[%emt 00:00:28]} 32. Bf2 {[%clk 00:01:17]} {[%emt 00:00:16]} Ne5 {[%clk
00:04:04]} {[%emt 00:00:23]} 33. Rxc8+ {[%clk 00:01:41]} {[%emt 00:00:06]} Rxc8
{[%clk 00:04:25]} {[%emt 00:00:09]} 34. Rc3 {[%clk 00:02:06]} {[%emt 00:00:04]}
Rxc3 {[%clk 00:04:42]} {[%emt 00:00:13]} 35. Qxc3 {[%clk 00:02:35]} {[%emt
00:00:01]} Ng4 {[%clk 00:04:54]} {[%emt 00:00:18]} 36. Qd3 {[%clk 00:02:46]}
{[%emt 00:00:20]} Nxf2 {[%clk 00:05:01]} {[%emt 00:00:23]} 37. Kxf2 {[%clk
00:03:14]} {[%emt 00:00:02]} Be5 {[%clk 00:05:05]} {[%emt 00:00:25]} 38. Kf3
{[%clk 00:02:53]} {[%emt 00:00:51]} h5 {[%clk 00:05:30]} {[%emt 00:00:06]} 39.
b4 {[%clk 00:03:12]} {[%emt 00:00:11]} Qg4+ {[%clk 00:04:33]} {[%emt 00:01:27]}
40. Kf2 {[%clk 00:03:19]} {[%emt 00:00:24]} Qh3 {[%clk 00:04:15]} {[%emt
00:00:47]} 41. Kg1 {[%clk 00:03:39]} {[%emt 00:00:10]} h4 {[%clk 00:04:35]}
{[%emt 00:00:09]} 42. Qd8+ {[%clk 00:03:15]} {[%emt 00:00:56]} Kg7 {[%clk
00:05:00]} {[%emt 00:00:04]} 43. Qd5 {[%clk 00:02:38]} {[%emt 00:01:07]} f6
{[%clk 00:04:29]} {[%emt 00:01:02]} 44. gxh4 {[%clk 00:02:16]} {[%emt
00:00:51]} Bxh2+ {[%clk 00:04:04]} {[%emt 00:00:55]} 45. Kf2 {[%clk 00:02:41]}
{[%emt 00:00:05]} Qxh4+ {[%clk 00:04:11]} {[%emt 00:00:23]} 46. Kf1 {[%clk
00:03:10]} {[%emt 00:00:01]} Qh3+ {[%clk 00:03:51]} {[%emt 00:00:49]} 47. Kf2
{[%clk 00:03:30]} {[%emt 00:00:11]} Bg3+ {[%clk 00:04:10]} {[%emt 00:00:12]} 48.
Ke3 {[%clk 00:03:50]} {[%emt 00:00:10]} Be5+ {[%clk 00:04:07]} {[%emt
00:00:32]} 49. Ke2 {[%clk 00:04:11]} {[%emt 00:00:08]} Qg2+ {[%clk 00:03:54]}
{[%emt 00:00:43]} 50. Kd3 {[%clk 00:04:26]} {[%emt 00:00:15]} Qf1+ {[%clk
00:04:13]} {[%emt 00:00:12]} 51. Kc2 {[%clk 00:04:51]} {[%emt 00:00:05]} Qe2+
{[%clk 00:03:16]} {[%emt 00:01:27]} 52. Kb3 {[%clk 00:05:16]} {[%emt 00:00:05]}
Kh6 {[%clk 00:02:53]} {[%emt 00:00:53]} 53. Ka4 {[%clk 00:05:18]} {[%emt
00:00:28]} Kg5 {[%clk 00:02:33]} {[%emt 00:00:49]} 54. Ka5 {[%clk 00:05:25]}
{[%emt 00:00:22]} Kf4 {[%clk 00:02:53]} {[%emt 00:00:10]} 55. b5 {[%clk
00:05:35]} {[%emt 00:00:21]} Qxe4 {[%clk 00:03:04]} {[%emt 00:00:19]} 56. Qd2+
{[%clk 00:06:01]} {[%emt 00:00:05]} Kg4 {[%clk 00:02:54]} {[%emt 00:00:38]} 57.
b6 {[%clk 00:06:25]} {[%emt 00:00:06]} f5 {[%clk 00:02:25]} {[%emt 00:00:59]}
58. Ka6 {[%clk 00:06:38]} {[%emt 00:00:18]} f4 {[%clk 00:02:11]} {[%emt
00:00:44]} 59. Qd7+ {[%clk 00:06:43]} {[%emt 00:00:25]} Kg3 {[%clk 00:02:32]}
{[%emt 00:00:09]} 60. b7 {[%clk 00:06:55]} {[%emt 00:00:19]} Qc4+ {[%clk
00:02:51]} {[%emt 00:00:10]} 61. Ka7 {[%clk 00:07:03]} {[%emt 00:00:21]} Qd4+
{[%clk 00:03:17]} {[%emt 00:00:05]} 0-1

[Event "XLIV Memoriał Szachowy Ludwika Zamenhofa 2025, Grupa B"]
[Site "Bialystok, Poland"]
[Date "2025.12.29"]
[Round "5.4"]
[White "Zareba, Maciej"]
[Black "Jakubowska, Anna"]
[Result "1/2-1/2"]
[TimeControl "90'+30\""]
[WhiteElo "1890"]
[BlackElo "2139"]

1. d4 {[%clk 01:30:58]} {[%emt 00:00:01]} Nf6 {[%clk 01:30:41]} {[%emt
00:00:19]} 2. Nf3 {[%clk 01:30:30]} {[%emt 00:00:58]} b6 {[%clk 01:30:58]}
{[%emt 00:00:13]} 3. g3 {[%clk 01:30:29]} {[%emt 00:00:31]} Bb7 {[%clk
01:31:18]} {[%emt 00:00:11]} 4. Bg2 {[%clk 01:30:50]} {[%emt 00:00:08]} e6
{[%clk 01:31:28]} {[%emt 00:00:20]} 5. c4 {[%clk 01:29:36]} {[%emt 00:01:44]}
Be7 {[%clk 01:30:18]} {[%emt 00:01:40]} 6. O-O {[%clk 01:29:43]} {[%emt
00:00:22]} O-O {[%clk 01:30:43]} {[%emt 00:00:06]} 7. Nc3 {[%clk 01:27:41]}
{[%emt 00:02:33]} Ne4 {[%clk 01:30:34]} {[%emt 00:00:39]} 8. Nxe4 {[%clk
01:19:21]} {[%emt 00:08:50]} Bxe4 {[%clk 01:30:57]} {[%emt 00:00:06]} 9. Nd2
{[%clk 01:18:26]} {[%emt 00:01:25]} Bxg2 {[%clk 01:31:16]} {[%emt 00:00:11]} 10.
Kxg2 {[%clk 01:18:51]} {[%emt 00:00:05]} d5 {[%clk 01:26:37]} {[%emt 00:05:10]}
11. b3 {[%clk 01:13:11]} {[%emt 00:06:10]} dxc4 {[%clk 01:10:19]} {[%emt
00:16:47]} 12. Nxc4 {[%clk 01:13:34]} {[%emt 00:00:08]} Qd5+ {[%clk 01:01:33]}
{[%emt 00:09:16]} 13. f3 {[%clk 01:09:47]} {[%emt 00:04:17]} Rd8 {[%clk
00:54:37]} {[%emt 00:07:25]} 14. Bb2 {[%clk 01:06:58]} {[%emt 00:03:19]} Nc6
{[%clk 00:47:23]} {[%emt 00:07:44]} 15. e3 {[%clk 01:00:51]} {[%emt 00:06:37]}
Na5 {[%clk 00:42:30]} {[%emt 00:05:24]} 16. Rc1 {[%clk 00:52:37]} {[%emt
00:08:43]} Nxc4 {[%clk 00:40:24]} {[%emt 00:02:37]} 17. Rxc4 {[%clk 00:52:19]}
{[%emt 00:00:48]} c5 {[%clk 00:40:10]} {[%emt 00:00:44]} 18. Qe2 {[%clk
00:48:05]} {[%emt 00:04:44]} cxd4 {[%clk 00:34:07]} {[%emt 00:06:32]} 19. Bxd4
{[%clk 00:42:58]} {[%emt 00:05:37]} e5 {[%clk 00:30:30]} {[%emt 00:04:08]} 20.
Bb2 {[%clk 00:31:17]} {[%emt 00:12:11]} f6 {[%clk 00:26:13]} {[%emt 00:04:47]}
21. Rfc1 {[%clk 00:29:42]} {[%emt 00:02:05]} Qd3 {[%clk 00:24:05]} {[%emt
00:02:38]} 22. Kf2 {[%clk 00:15:41]} {[%emt 00:14:31]} a5 {[%clk 00:23:24]}
{[%emt 00:01:11]} 23. Qxd3 {[%clk 00:15:13]} {[%emt 00:00:58]} Rxd3 {[%clk
00:23:48]} {[%emt 00:00:05]} 24. Rc8+ {[%clk 00:15:20]} {[%emt 00:00:23]} Rxc8
{[%clk 00:24:12]} {[%emt 00:00:06]} 25. Rxc8+ {[%clk 00:15:48]} {[%emt
00:00:02]} Kf7 {[%clk 00:24:35]} {[%emt 00:00:07]} 26. Ke2 {[%clk 00:16:06]}
{[%emt 00:00:12]} Rd7 {[%clk 00:23:19]} {[%emt 00:01:47]} 27. Rc6 {[%clk
00:15:41]} {[%emt 00:00:55]} Bc5 {[%clk 00:20:23]} {[%emt 00:03:26]} 28. Bc3
{[%clk 00:15:17]} {[%emt 00:00:54]} Ra7 {[%clk 00:18:30]} {[%emt 00:02:22]} 29.
a4 {[%clk 00:14:20]} {[%emt 00:01:28]} Ke7 {[%clk 00:18:04]} {[%emt 00:00:55]}
30. Rc8 {[%clk 00:14:45]} {[%emt 00:00:05]} Kd7 {[%clk 00:13:19]} {[%emt
00:05:14]} 31. Rg8 {[%clk 00:14:56]} {[%emt 00:00:19]} Ke6 {[%clk 00:13:44]}
{[%emt 00:00:07]} 32. Re8+ {[%clk 00:14:58]} {[%emt 00:00:28]} Kd7 {[%clk
00:13:11]} {[%emt 00:01:02]} 33. Rg8 {[%clk 00:15:21]} {[%emt 00:00:07]} Ke6
{[%clk 00:13:38]} {[%emt 00:00:04]} 34. Re8+ {[%clk 00:15:46]} {[%emt
00:00:05]} Kd7 {[%clk 00:13:34]} {[%emt 00:00:03]} 1/2-1/2